Specializované vydání MDT ekonomické vedy, ekonomika

Saved in:
Bibliographic Details
Format: Book
Language:Czech
Published: Praha Ekonomický ústav ČSAV 1983
Edition:3. novel. vyd.
Tags: Add Tag
No Tags, Be the first to tag this record!

MARC

LEADER 00000nam a2200000 4500
001 c111675
005 20041019155150.5
041 0 |a cze 
044 |a CZ 
245 1 0 |a Specializované vydání MDT  |b ekonomické vedy, ekonomika 
250 |a 3. novel. vyd. 
264 1 |a Praha  |b Ekonomický ústav ČSAV  |c 1983 
300 |a 187 s.